000 00727cac a2200241 4500
005 20151109130109.0
008 060821t19921992mx a 000 0 spa u
020 _a9682442613
100 1 _aVenning, Frank D.
245 1 0 _aFlores silvestres /
_cFrank D. Venning ; ils. Manabu C. Saito.
250 _a1a ed.
260 _aMéxico :
_bTrillas,
_cc1992
300 _a340 p. :
_bil. ;
_c19 cm.
440 0 _aGuías de la naturaleza
500 _aTraducción de : Wildflowers of North America
500 _a2 ejemplares
504 _aIncluye bibliografía e índice
506 _aPIFI 3.2
650 7 _aFlores silvestres
_2Lemb
700 1 _aSaito, Manabu C., ils.
942 _2lcc
_cLIB
999 _c88147
_d88147